000 00997nam a2200229Ia 4500
001 19483
003 GE_BSU
008 181216s||||||||xx |||||||||||||| ||und||
040 _cGE_BSU
080 _a811.353.2
245 _aსვანური ენის ქრესტომათია
245 _cტექსტები შეკრიბეს ა. შანიძემ, მ. ქალდანმა და ზ. ჭუმბურიძემ ; ა. შანიძისა და მ. ქალდანის რედ.
250 _aძველი ქართული ენის კათედრის შრომები:21
260 _aთბილისი
260 _bთბილ. უნ-ტის გამ-ბა და სტ.
260 _c1978
300 _a368გვ;25სმ
541 _h6ლ.40თ.
653 _aსვანური ენა
653 _aსვანური ენის ქრესტომათია;
942 _cBK
999 _c52460
_d52460